Statistics for Google, Why is [US state] so _____? Suggestion Quiz

Click here to take the quiz!

General Stats

  • This quiz has been taken 63 times
  • The average score is 11 of 25

Answer Stats

HintAnswer% Correct
Why is Texas so ____?Big
92%
Why is North Dakota so ____?Cold
85%
Why is Alaska so ____?Cold
85%
Why is Rhode Island so ____?Small
83%
Why is Florida so ____?Hot
82%
Why is Louisiana so ____?Poor
58%
Why is New Mexico so ____?Poor
58%
Why is Vermont so ____?Liberal
43%
Why is Connecticut so ____?Liberal
43%
Why is Oregon so ____?Liberal
43%
Why is Wisconsin so ____?Conservative
42%
Why is Colorado so ____?Expensive
42%
Why is Hawaii so ____?Expensive
42%
Why is New York so ____?Expensive
42%
Why is Indiana so ____?Flat
40%
Why is Kansas so ____?Flat
40%
Why is South Carolina so ____?Racist
40%
Why is Georgia so ____?Cheap
30%
Why is Utah so ____?Religious
30%
Why is Idaho so ____?Boring
28%
Why is Missouri so ____?Humid
27%
Why is Nebraska so ____?Republican
22%
Why is Maine so ____?White
22%
Why is Iowa so ____?Important
20%
Why is Minnesota so ____?Great
8%

Score Distribution

Percentile by Number Answered

Percent of People with Each Score

Your Score History

You have not taken this quiz